[Event "Split Open"]
[Site "Split CRO"]
[Date "2011.08.11"]
[Round "7.1"]
[White "Bosiocic,Mari"]
[Black "Cvitan,O"]
[Result "1-0"]
[WhiteElo "2573"]
[BlackElo "2501"]

1.Nf3 Nf6 2.c4 g6 3.Nc3 Bg7 4.e4 d6 5.d4 O-O 6.Be2 e5 7.O-O exd4 8.Nxd4 Re8
9.f3 c6 10.Kh1 Nbd7 11.Bg5 Qb6 12.Nb3 a5 13.Qd2 a4 14.Be3 Qd8 15.Nd4 Nc5
16.Rfd1 Nfd7 17.Bf1 Qa5 18.Rab1 Be5 19.Bf2 Nf8 20.b4 axb3 21.axb3 Qb4 22.Be1 Nfe6
23.Nc2 Qb6 24.Bf2 Bxc3 25.Qxc3 Nxe4 26.Bxb6 Nxc3 27.Ra1 Rxa1 28.Rxa1 Nc5
29.Nd4 Ne6 30.Nxe6 Rxe6 31.Ra8 Re8 32.Ba5 Nd1 33.Bd2 f5 34.Kg1 Kf7 35.f4 c5
36.h3 h6 37.g3 Kf6 38.Bd3 Kf7 39.Bf1 h5 40.Rb8 Kf8 41.Kg2 Kg7 42.Kf3 Kf6
43.Bd3 Kf7 44.Bc2 Bd7 45.Rxe8 Bc6+ 46.Ke2 Kxe8 47.Bxd1 Bg2 48.h4 b6 49.Ke3 Bc6
50.Bf3 Bd7 51.Bd5 Ke7 52.b4 Be8 53.Kd3 Ba4 54.Kc3 Be8 55.Kb3 Bd7 56.Bc3 Be8
57.Bg7 b5 58.bxc5 dxc5 59.cxb5 Bxb5 60.Be5 Bd3 61.Ka4 Ba6 62.Ka5  1-0

[Event "Baku Open A"]
[Site "Baku AZE"]
[Date "2011.08.12"]
[Round "7"]
[White "Ibrahimov,R"]
[Black "Agaragimov,D"]
[Result "1-0"]
[WhiteElo "2547"]
[BlackElo "2352"]

1.Nf3 Nf6 2.c4 g6 3.Nc3 Bg7 4.e4 d6 5.d4 O-O 6.Be2 e5 7.Be3 Na6 8.O-O c6
9.d5 c5 10.Ne1 Ne8 11.Nd3 f5 12.exf5 gxf5 13.Rc1 b6 14.f4 Kh8 15.Kh1 Qe7
16.g4 exf4 17.Bxf4 fxg4 18.Bxg4 Nb4 19.Bxc8 Rxc8 20.a3 Bxc3 21.Rxc3 Nxd3
22.Qxd3 Ng7 23.Rcc1 Rce8 24.Bd2 Kg8 25.Rxf8+ Qxf8 26.Rg1 Qf2 27.Qc3 Re7 28.Bh6 Qf8
29.Qh3 Kh8 30.Bd2 Kg8 31.Bc3 Qe8 32.Qg4 Qd7 33.Qg5 Qh3 34.Qf6 Qd7 35.Qh6 Rf7
36.Qe6 Qxe6 37.dxe6 Kf8  1-0

[Event "Etapa Recife CBX"]
[Site "Recife BRA"]
[Date "2011.08.12"]
[Round "4"]
[White "Asfora,M"]
[Black "De Almeida,B"]
[Result "1-0"]
[WhiteElo "2227"]
[BlackElo "2176"]

1.d4 g6 2.Nf3 Bg7 3.c4 d6 4.Nc3 Nf6 5.e4 O-O 6.Be2 e5 7.O-O Nbd7 8.Re1 exd4
9.Nxd4 Nc5 10.Bf1 a5 11.f3 c6 12.Be3 Nfd7 13.Qd2 Re8 14.b3 Qb6 15.Nc2 Qd8
16.Rad1 Qh4 17.Bg5 Qh5 18.g4 Bxc3 19.gxh5 Bxd2 20.Rxd2 Ne5 21.Kf2 f6 22.Bxf6 Rf8
23.Rxd6 Ncd7 24.Bxe5 Nxe5 25.Be2 Bg4 26.hxg6 Nxf3 27.gxh7+ Kh8 28.Bxf3 Rxf3+
29.Kg1 Raf8 30.Ne3 Bh3 31.Nf5 Re8 32.Ng3 Ref8 33.Rh6 Bg4 34.Rg6 Bh3 35.Rg8+ Rxg8
36.hxg8=Q+ Kxg8 37.Re2 a4 38.bxa4 Rc3 39.Rb2 Rxc4 40.Rxb7 Rc1+ 41.Kf2 Rc2+
42.Ke3 Rxa2 43.Nh5 Rxa4 44.Nf6+ Kf8 45.Kf4 Ra2 46.Kg3 Be6 47.h4 Ra1 48.Kf4 Rh1
49.h5 Bf7 50.Ke5 Bxh5 51.Ke6 Bf7+  1-0

[Event "23rd ch-Southern California"]
[Site "Beverly Hills USA"]
[Date "2011.08.13"]
[Round "2"]
[White "Yanayt,E"]
[Black "Abrahamyan,T"]
[Result "1/2-1/2"]
[WhiteElo "2236"]
[BlackElo "2343"]

1.d4 Nf6 2.c4 g6 3.Nc3 Bg7 4.e4 d6 5.Nf3 O-O 6.Be2 e5 7.O-O Na6 8.Be3 Ng4
9.Bg5 Qe8 10.dxe5 dxe5 11.h3 h6 12.Bd2 Nf6 13.Be3 Qe7 14.a3 c6 15.Qc1 Nc5
16.Nd2 Ne6 17.Nf3 Nc5 18.Nd2 Ne6 19.Nf3 Nc5  1/2-1/2

[Event "20th ZMDI Open A"]
[Site "Dresden GER"]
[Date "2011.08.13"]
[Round "8.12"]
[White "Mueller,Fab"]
[Black "Kovalev,An"]
[Result "1-0"]
[WhiteElo "2314"]
[BlackElo "2531"]

1.d4 Nf6 2.c4 g6 3.Nc3 Bg7 4.e4 d6 5.Nf3 O-O 6.Be2 Nbd7 7.O-O e5 8.Be3 Re8
9.d5 Ng4 10.Bg5 f6 11.Bh4 Nf8 12.Ne1 h5 13.Nd3 Nh6 14.f3 g5 15.Bf2 Ng6 16.c5 g4
17.Kh1 Kh7 18.cxd6 cxd6 19.Rc1 Bd7 20.Qb3 gxf3 21.gxf3 b5 22.Rg1 f5 23.exf5 Nxf5
24.Ne4 Bh6 25.Rc6 Rf8 26.Rxg6 Bxc6 27.Rxh6+ Kxh6 28.dxc6 Qe8 29.Qc3 Qg6 30.Qd2+ Kh7
31.Ng5+ Kh8 32.h4 a5 33.Qc3 Rae8 34.a3 Qf6 35.Bf1 Nd4 36.Bxd4 exd4 37.Qc2 Re7
38.Bh3 Qg7 39.Qd2 Re3 40.Ne1 Qe5 41.Ng2 d5 42.c7 Qxc7 43.Qxd4+ Qe5 44.Qxe3 Qxe3
45.Nxe3 d4 46.Nf1 a4 47.Bd7 Rb8 48.Nd2 Rb7 49.Bc6 Rb6 50.Nf7+ Kg8 51.Ne5 b4
52.axb4 Rxb4 53.Nd3  1-0

[Event "CECLUB Div2 Gp2"]
[Site "Totana ESP"]
[Date "2011.08.13"]
[Round "4"]
[White "Vazquez Igarza,R"]
[Black "Cabrera,Ale"]
[Result "1-0"]
[WhiteElo "2561"]
[BlackElo "2530"]

1.Nf3 Nf6 2.c4 g6 3.Nc3 Bg7 4.d4 O-O 5.e4 d6 6.Be2 e5 7.Be3 exd4 8.Nxd4 Re8
9.f3 c6 10.Bf2 d5 11.exd5 cxd5 12.O-O Nc6 13.c5 Re5 14.Qa4 Bd7 15.Rad1 Nh5
16.Bb5 Qc8 17.f4 Nxf4 18.Nxc6 bxc6 19.Qxf4 Rf5 20.Qd2 Bxc3 21.Qxc3 cxb5 22.Bd4 h6
23.Rde1 Qf8 24.c6 Rxf1+ 25.Rxf1 Bf5 26.c7 Rc8 27.h3 Qd6 28.Be5 Qb6+ 29.Kh2 d4
30.Qg3 Qe6 31.Bxd4 Qc4 32.Rxf5 Qxd4 33.Rxb5 Qd7 34.Rb8 Kf8 35.Qe5 Kg8 36.b4 Kh7
37.Rxc8 Qxc8 38.b5  1-0

[Event "10th Lichtenberger Sommer"]
[Site "Berlin GER"]
[Date "2011.08.14"]
[Round "2.2"]
[White "Franco Alonso,A"]
[Black "Jaeger,A"]
[Result "1-0"]
[WhiteElo "2452"]
[BlackElo "2044"]

1.d4 Nf6 2.c4 d6 3.Nf3 g6 4.Nc3 Bg7 5.e4 O-O 6.Be2 e5 7.Be3 Na6 8.O-O Qe7
9.Qc2 c6 10.c5 dxc5 11.dxe5 Nd7 12.Bxa6 bxa6 13.Bg5 Qe6 14.Bf4 Qg4 15.Bg3 Re8
16.Rad1 Nxe5 17.Nxe5 Bxe5 18.Bxe5 Rxe5 19.Rd8+ Kg7 20.Qd2 h5 21.Qd6 Rg5 22.g3 Qf3
23.e5  1-0

[Event "27th Geraadsbergen Open"]
[Site "Geraadsbergen BEL"]
[Date "2011.08.14"]
[Round "7.6"]
[White "Goormachtigh,J"]
[Black "Barbier,Wim"]
[Result "1/2-1/2"]
[WhiteElo "2237"]
[BlackElo "2147"]

1.d4 d6 2.Nf3 Nf6 3.c4 Nbd7 4.Nc3 e5 5.e4 g6 6.Be2 Bg7 7.O-O O-O 8.Be3 Re8
9.d5 Ng4 10.Bg5 f6 11.Bd2 Nh6 12.b4 Nf7 13.Qc2 c5 14.dxc6 bxc6 15.Be3 f5
16.Rad1 f4 17.Bc1 g5 18.c5 g4 19.Nd2 dxc5 20.Bxg4 cxb4 21.Na4 Nf6 22.Bxc8 Rxc8
23.Qc4 Qe7 24.Nc5 Bf8 25.Ndb3 Rb8 26.Bb2 Kh8 27.Rd3 Nd6 28.Qc2 Nf7 29.Rfd1 Bg7
30.Qc4 Red8 31.Ne6 Rxd3 32.Rxd3 Nd6 33.Qxc6 Nf7 34.Nxg7 Kxg7 35.f3 Rb6 36.Qc5 Qxc5+
37.Nxc5 Rc6 38.Nb3 Kf8  1/2-1/2

[Event "Sakkozo Magyarok World Meeting"]
[Site "Lakitelek HUN"]
[Date "2011.08.14"]
[Round "9.4"]
[White "Simonyi,Z"]
[Black "Adzic,S"]
[Result "1/2-1/2"]
[WhiteElo "2227"]
[BlackElo "2114"]

1.c4 e5 2.Nc3 d6 3.d4 Nd7 4.Nf3 Ngf6 5.e4 g6 6.Be2 Bg7 7.O-O O-O 8.Re1 exd4
9.Nxd4 Re8 10.Bf1 Nc5 11.f3 c6 12.Kh1 Qc7 13.Be3 Be6 14.b4 Ncd7 15.Rc1 a5
16.a3 axb4 17.axb4 Qb8 18.Qb3 Ne5 19.Nxe6 fxe6 20.Rcd1 Nf7 21.g3 g5 22.Bg2 Qc7
23.Rc1 h6 24.Bh3 Ne5 25.Rf1 g4 26.Bg2 gxf3 27.Bxf3 Nxf3 28.Rxf3 Ng4 29.Bg1 Rf8
30.Ne2 Rxf3 31.Qxf3 Ne5 32.Qb3 Qf7 33.Nf4 Ng6 34.Be3 e5 35.Nxg6 Qf3+ 36.Kg1 Ra2
37.Qxa2 Qxe3+ 38.Kg2 Qxe4+ 39.Kf2 Qxg6 40.Qe2 e4 41.Kg2 d5 42.cxd5 cxd5 43.Rc7 b6
44.Rd7 d4 45.Qc4+ Kh8 46.Rxd4 Bxd4 47.Qxd4+ Kg8 48.Qd5+ Kf8 49.Qd8+ Kf7 50.Qd7+ Kf8
51.g4 Kg8 52.Qd5+ Kf8 53.Qd8+ Kf7 54.Qd7+ Kf8 55.Qf5+ Qxf5 56.gxf5 Kf7 57.Kg3 Kf6
58.Kf4 e3 59.Kxe3 Kxf5 60.Kd4 Kg4 61.Kd5 Kh3 62.Kc6 Kxh2 63.Kxb6 Kg1 64.Ka7 h5
65.b5 h4 66.b6 h3 67.b7 h2 68.b8=Q h1=Q  1/2-1/2

[Event "Etapa Recife CBX"]
[Site "Recife BRA"]
[Date "2011.08.14"]
[Round "8"]
[White "Molina,Jo"]
[Black "De Almeida,B"]
[Result "0-1"]
[WhiteElo "2187"]
[BlackElo "2176"]

1.Nf3 Nf6 2.c4 g6 3.Nc3 Bg7 4.e4 d6 5.d4 O-O 6.Be2 e5 7.dxe5 dxe5 8.Qxd8 Rxd8
9.Bg5 Re8 10.Nd5 Nxd5 11.cxd5 f6 12.Be3 f5 13.Nd2 c6 14.Bc4 Kh8 15.f3 b5
16.Bb3 a5 17.a4 Bb7 18.dxc6 Bxc6 19.axb5 Bxb5 20.Nc4 Bf8 21.Kf2 f4 22.Bd2 Bc5+
23.Ke1 Nc6 24.Na3 Ba6 25.Rc1 Nb4 26.Bc4 Bd4 27.Bxa6 Rxa6 28.Bxb4 axb4 29.Nc4 Rc8
30.Ke2 b3 31.Rhd1 Rac6 32.Rxd4 exd4 33.Kd3 Kg7 34.Kxd4 Rd8+ 35.Kc3 Rxc4+  0-1

[Event "XX TCh-MKD"]
[Site "Struga MKD"]
[Date "2011.08.14"]
[Round "7"]
[White "Stojanovic,Mih"]
[Black "Nedev,Tr"]
[Result "1/2-1/2"]
[WhiteElo "2591"]
[BlackElo "2491"]

1.c4 Nf6 2.Nc3 g6 3.e4 d6 4.d4 Bg7 5.Nf3 O-O 6.Be2 e5 7.dxe5 dxe5 8.Qxd8 Rxd8
9.Bg5 Re8 10.Nd5 Nxd5 11.cxd5 c6 12.Bc4 b5 13.Bb3 a5 14.a4 Bd7 15.dxc6 Nxc6
16.O-O Nb4 17.Rfd1 Bc6 18.Bd2 h6 19.Bc3 bxa4 20.Bxa4 Rab8 21.Kf1 Bb5+ 22.Bxb5 Rxb5
23.Rd7 Reb8 24.Nd2 Nc6 25.Nc4 Bf8 26.Rd5 Bb4 27.Bxe5 Nxe5 28.Nxe5 Bf8 29.Rxb5 Rxb5
30.Nd3 Bg7 31.Ra2 Bd4 32.Ke2 h5 33.Kd2 h4 34.Kc2 f5 35.exf5 Rxf5 36.f4 g5
37.Ra4 Be3 38.fxg5 Rxg5 39.Rxh4 Rxg2+ 40.Kb3 Bg5 41.Ra4 Bf6 42.h3 Bxb2 43.Nxb2 Rg3+
44.Kc4 Rxh3 45.Rxa5 Rh4+ 46.Kc3 Kf7 47.Nc4 Ke6 48.Nd2 Rh1 49.Kd3 Rd1 50.Ke2 Rc1  1/2-1/2

[Event "e2e4 Int Masters A"]
[Site "Sunningdale ENG"]
[Date "2011.08.14"]
[Round "8"]
[White "Tuhrim,R"]
[Black "Rudd,J"]
[Result "1-0"]
[WhiteElo "2163"]
[BlackElo "2278"]

1.Nf3 Nf6 2.c4 g6 3.Nc3 Bg7 4.e4 O-O 5.d4 d6 6.Be2 e5 7.dxe5 dxe5 8.Bg5 Qe8
9.O-O Na6 10.h3 h6 11.Be3 c6 12.c5 Qe7 13.Bxa6 bxa6 14.Qd6 Qxd6 15.cxd6 Nd7
16.Rac1 f5 17.Na4 f4 18.Bc5 a5 19.Rfd1 Ba6 20.Ba3 Bb5 21.Nc5 Rf7 22.Nd2 Nb6
23.b3 a4 24.Nc4 axb3 25.axb3 Bf6 26.Ne6 Rd7 27.Nc7 Rb8 28.Na5 Kf7 29.Nxc6 Bxc6
30.Rxc6 Bd8 31.Na6 Rc8 32.Rxc8 Nxc8 33.Nb8 Rb7 34.Nc6 Ke8 35.Nxe5  1-0

[Event "1st Radzikowskiej Mem"]
[Site "Warsaw POL"]
[Date "2011.08.14"]
[Round "11"]
[White "Sharevich,A"]
[Black "Zozulia,A"]
[Result "1/2-1/2"]
[WhiteElo "2344"]
[BlackElo "2381"]

1.d4 Nf6 2.c4 g6 3.Nc3 Bg7 4.e4 d6 5.Nf3 O-O 6.Be2 e5 7.dxe5 dxe5 8.Qxd8 Rxd8
9.Bg5 Re8 10.Nd5 Nxd5 11.cxd5 c6 12.Bc4 cxd5 13.Bxd5 Nc6 14.O-O Be6 15.Bxe6 Rxe6
16.Rfd1 Nd4 17.Kf1 Rc8 18.Rac1 Rec6 19.Rxc6 Rxc6 20.Rc1 Nxf3 21.gxf3 Rxc1+
22.Bxc1 Kf8 23.Ke2 Ke7 24.b3 a6 25.Bb2 Kd6 26.f4 f6 27.fxe5+ fxe5 28.Ba3+ Kc6
29.Bb2 Kd6 30.Ba3+ Kc6 31.Bb2 Kd6 32.Ba3+  1/2-1/2

[Event "29th World Junior Girls"]
[Site "Chennai IND"]
[Date "2011.08.15"]
[Round "13"]
[White "Shetye,Si"]
[Black "Supriya,J"]
[Result "0-1"]
[WhiteElo "1890"]
[BlackElo "1829"]

1.d4 Nf6 2.Nf3 g6 3.c4 Bg7 4.Nc3 O-O 5.e4 d6 6.Be2 Na6 7.O-O e5 8.Be3 Ng4
9.Bg5 Qe8 10.Re1 exd4 11.Nxd4 Qe5 12.Nf3 Qc5 13.Bh4 Be6 14.Nd2 Ne5 15.Nb3 Qc6
16.Nd5 Bxd5 17.cxd5 Qa4 18.Nd4 Qxd1 19.Raxd1 Nc5 20.Bf1 a5 21.Nb5 Rac8 22.f3 Rfe8
23.Bf2 Ned7 24.Re2 f5 25.exf5 Rxe2 26.Bxe2 Bxb2 27.fxg6 hxg6 28.f4 b6 29.Bg4 Rf8
30.g3 Rf7 31.Be6 Nf6 32.Bxf7+ Kxf7 33.Nxc7 Nfe4 34.Bd4 Bxd4+ 35.Rxd4 Nc3
36.Rd2 b5 37.g4 b4 38.f5 gxf5 39.gxf5 a4 40.Ne6 N5e4 41.Rg2 Nxd5 42.Ng5+ Nxg5
43.Rxg5 Nc3 44.Rg2 a3 45.Rc2 d5 46.Kf2 d4 47.Kf3 d3 48.Rd2 b3 49.axb3 a2  0-1

[Event "50th World Juniors"]
[Site "Chennai IND"]
[Date "2011.08.15"]
[Round "13"]
[White "Zulfic,F"]
[Black "Navalgund,N"]
[Result "0-1"]
[WhiteElo "2098"]
[BlackElo "2188"]

1.d4 Nf6 2.c4 g6 3.Nc3 Bg7 4.e4 d6 5.Nf3 O-O 6.Be2 Na6 7.O-O e5 8.d5 Nc5
9.Qc2 a5 10.Bg5 h6 11.Be3 Nfd7 12.Nd2 f5 13.exf5 gxf5 14.f4 exf4 15.Bxf4 Ne5
16.Nf3 Bd7 17.Rae1 Qf6 18.Nxe5 dxe5 19.Be3 b6 20.Qd2 Qd6 21.b3 Rae8 22.Bd1 f4
23.Bxc5 Qxc5+ 24.Kh1 Qd4 25.Qc1 Bf5 26.Nb5 Qc5 27.Bc2 Bg4 28.Be4 Rf6 29.Nc3 Qf8
30.Bf3 h5 31.h3 Rh6 32.Ne4 Qf5 33.Re2 Bf8 34.Qe1 Bb4 35.Qh4 Bxf3 36.Rxf3 Rg6
37.g4 hxg4 38.hxg4 Qf8 39.Rh2 Qg7 40.Rfh3 Kf7 41.g5 Rg8 42.Qg4 Qf8 43.Nf6 Rxf6
44.Rh7+ Rg7 45.gxf6 Rxh7 46.Rxh7+ Kxf6 47.Qe6+ Kg5 48.Qxe5+ Kg4 49.Kh2 Kf3
50.Rh3+ Kf2 51.Qb2+ Ke1 52.Qc1+ Ke2 53.Kh1 f3 54.Rh4 Qf5 55.Rh2+ f2 56.Qa1 Bd2
57.Kg2 Qg4+ 58.Kh1 Qf3+ 59.Rg2 Qh3+ 60.Rh2 Qf1+  0-1

[Event "50th World Juniors"]
[Site "Chennai IND"]
[Date "2011.08.15"]
[Round "13"]
[White "Rajesh,VA"]
[Black "Pradeep,KR"]
[Result "1/2-1/2"]
[WhiteElo "2292"]
[BlackElo "2245"]

1.d4 Nf6 2.c4 g6 3.Nc3 Bg7 4.e4 d6 5.Nf3 O-O 6.Be2 Nbd7 7.O-O e5 8.Be3 Ng4
9.Bg5 f6 10.Bc1 Nh6 11.dxe5 dxe5 12.Qc2 c6 13.Rd1 Qe7 14.Rb1 a5 15.a3 f5
16.b4 axb4 17.axb4 f4 18.c5 g5 19.h3 Nf7 20.Na4 g4 21.hxg4 Ng5 22.b5 Nxf3+
23.Bxf3 Rf6 24.Rd3 Rh6 25.Bd1 Bf8 26.Ba3 Qg5 27.Qc4+ Kh8 28.Qf7 Qe7 29.Qxe7 Bxe7
30.Bb2 cxb5 31.Nb6 Nxc5 32.Bxe5+ Kg8 33.Nxc8 Rxc8 34.Rd5 Nxe4 35.Rd4 Nc5
36.Rxf4 Rd8 37.Rf5 b6 38.Bf3 Nd3 39.Rxb5  1/2-1/2

[Event "26th Universiade Women"]
[Site "Shenzhen CHN"]
[Date "2011.08.15"]
[Round "2.5"]
[White "Batsiashvili,N"]
[Black "Davletbayeva,M"]
[Result "1/2-1/2"]
[WhiteElo "2381"]
[BlackElo "2239"]

1.d4 Nf6 2.c4 g6 3.Nc3 d6 4.e4 Bg7 5.Nf3 O-O 6.Be2 e5 7.O-O exd4 8.Nxd4 Re8
9.f3 c6 10.Be3 d5 11.cxd5 Nxd5 12.Nxd5 cxd5 13.Qb3 dxe4 14.Rad1 Qe7 15.Bc4 Nc6
16.fxe4 Ne5 17.Bd5 Be6 18.Kh1 Bxd5 19.exd5 Rad8 20.Nb5 a6 21.d6 Qe6 22.Nc7 Qxb3
23.axb3 Rf8 24.Bg5 f6 25.Bf4 Rd7 26.Rd2 Rfd8 27.Rfd1 Kf7 28.Be3 Bf8 29.Bc5 Rc8
30.Ba3 Ng4 31.Nd5 Rc6 32.h3 Ne5 33.Ne7 Bxe7 34.dxe7 Ke8 35.Rxd7 Nxd7 36.Kh2 Nc5
37.Kh1 Nd7 38.Kh2 Nc5 39.b4 Nd7 40.b5 axb5 41.Rd5 b6 42.Rxb5 Nc5 43.Kg3 Kxe7
44.Rxb6 Kd7 45.Rb8 Ke6 46.Re8+ Kd5 47.Kf3 Nb3 48.Rd8+ Ke5 49.Bb4 Nd4+ 50.Kg3 Ne2+
51.Kf2 Nf4 52.Bc3+ Ke6 53.Kf3 Nd5 54.Bd4 Rc4 55.Ba7 Rb4 56.Rb8 Rf4+ 57.Ke2 Ra4
58.Bc5 Nf4+ 59.Kf3 Nd3 60.Be3 h5 61.Bd2 g5 62.Bc3 Kf5 63.Rf8 Ne5+ 64.Bxe5 Kxe5
65.Rb8 Ra5 66.Ke3 Kf5 67.b4 Ra2 68.Rb5+ Ke6 69.Kf3 Rb2 70.Rb8 Kf5 71.b5  1/2-1/2

[Event "ch-FRA National B"]
[Site "Caen FRA"]
[Date "2011.08.16"]
[Round "2"]
[White "Wirig,A"]
[Black "Vaisser,A"]
[Result "0-1"]
[WhiteElo "2510"]
[BlackElo "2536"]

1.d4 Nf6 2.Nf3 g6 3.c4 Bg7 4.Nc3 O-O 5.e4 d6 6.Be2 e5 7.O-O exd4 8.Nxd4 Re8
9.f3 c6 10.Kh1 Nbd7 11.Nc2 Qe7 12.Bg5 h6 13.Bh4 Nc5 14.Ne3 a5 15.Qc2 g5 16.Bf2 Nh5
17.Rfe1 Be5 18.Bd3 Qf6 19.Nf5 Nxd3 20.Qxd3 Nf4 21.Qc2 Be6 22.Ne3 h5 23.Ne2 Bxb2
24.Rab1 Ba3 25.Rxb7 Bb4 26.Rd1 Bc5 27.Kg1 Rab8 28.Rdb1 Rxb7 29.Rxb7 Nh3+
30.gxh3 Qxf3 31.Qd3 Bxh3 32.Nd4 Qxe4 33.Qxe4 Rxe4 34.Ndc2 f5 35.Rb3 f4 36.Nf1 Bxf1
37.Kxf1 Bxf2 38.Kxf2 Rxc4 39.Ne1 Kf7 40.Rb8 Ra4 41.Rb2 g4 42.Rc2 c5 43.Nd3 Kf6
44.Nc1 Ra3 45.Ne2 Rf3+ 46.Kg1 Ke5 47.Rc4 h4 48.Ra4 h3 49.Rxa5 g3 50.Ra8 g2  0-1

[Event "SS Manhem GM"]
[Site "Gothenburg SWE"]
[Date "2011.08.16"]
[Round "4"]
[White "Hammer,J"]
[Black "Nithander,V"]
[Result "1-0"]
[WhiteElo "2610"]
[BlackElo "2429"]

1.d4 Nf6 2.c4 g6 3.Nc3 Bg7 4.e4 d6 5.Be2 O-O 6.Nf3 e5 7.Be3 Ng4 8.Bg5 f6
9.Bh4 Nc6 10.d5 Ne7 11.Nd2 Nh6 12.f3 g5 13.Bf2 f5 14.h3 g4 15.hxg4 fxg4 16.Be3 gxf3
17.Bxf3 Rf6 18.Qe2 Rg6 19.Bh5 Bg4 20.Nf3 Bxh5 21.Rxh5 Ng4 22.Nh4 Nxe3 23.Nxg6 Nxg2+
24.Qxg2 Nxg6 25.Qh1 Nf4 26.Rxh7 Qg5 27.Kd1 Qg3 28.Rh2 Qd3+ 29.Rd2 Qxc4 30.Kc2 Rf8
31.Rg1 Rf7 32.Qh4 Rd7 33.Qg4 Re7 34.Qc8+ Kf7 35.Qxb7 Qc5 36.Rg3 Re8 37.Qb5  1-0

[Event "6th Ptuj Open"]
[Site "Ptuj SLO"]
[Date "2011.08.16"]
[Round "7"]
[White "Spalir,J"]
[Black "Cojhter,K"]
[Result "1-0"]
[WhiteElo "2155"]
[BlackElo "2109"]

1.d4 Nf6 2.c4 d6 3.Nf3 Nbd7 4.Nc3 g6 5.e4 Bg7 6.Be2 O-O 7.O-O e5 8.d5 Nc5
9.Qc2 a5 10.Be3 Ng4 11.Bg5 f6 12.Bh4 g5 13.Bg3 f5 14.exf5 Bxf5 15.Qd1 h6
16.h4 e4 17.Nxg5 hxg5 18.Bxg4 gxh4 19.Bxf5 hxg3 20.Qh5 Rf6 21.Bh7+ Kh8 22.Bg6+ Kg8
23.fxg3 Qe7 24.Qh7+ Kf8 25.Rae1 e3 26.Kh2 Nd7 27.Ne4 e2 28.Rh1 Ne5 29.Nxf6 Qxf6
30.Rxe2 Ke7 31.Rf1 Rh8 32.Rxf6 Kxf6 33.Qxh8 Bxh8 34.Be4 Nxc4 35.b3 Ne5 36.Rc2 Ng4+
37.Kh3 Kg5 38.Bf3  1-0

[Event "10th Lichtenberger Sommer"]
[Site "Berlin GER"]
[Date "2011.08.18"]
[Round "6.51"]
[White "Rehder,F"]
[Black "Tiemer,Klaus"]
[Result "0-1"]
[WhiteElo "1947"]
[BlackElo "1958"]

1.d4 Nf6 2.Nf3 g6 3.c4 Bg7 4.Nc3 O-O 5.e4 d6 6.Be2 e5 7.d5 Na6 8.O-O Nc5
9.Qc2 a5 10.h3 Nh5 11.Bg5 f6 12.Be3 Nf4 13.a3 a4 14.Rad1 Bd7 15.Nd2 f5 16.Kh2 Qh4
17.Nf3 Qf6 18.Nd2 g5 19.Rh1 Qg6 20.f3 g4 21.fxg4 fxg4 22.hxg4 Nxe2 23.Nxe2 Bxg4
24.Nc3 h5 25.Bxc5 dxc5 26.Nxa4 Bh6 27.Nf3 Bf4+  0-1

[Event "12th Miquel Mas Open"]
[Site "Figueres ESP"]
[Date "2011.08.18"]
[Round "9.4"]
[White "Anikaev,Y"]
[Black "Martinez Duany,L"]
[Result "1/2-1/2"]
[WhiteElo "2438"]
[BlackElo "2455"]

1.d4 Nf6 2.c4 d6 3.Nc3 Nbd7 4.e4 e5 5.Nf3 g6 6.Be2 Bg7 7.O-O O-O 8.Qc2 c6
9.Rd1 Qe7 10.d5 c5 11.g3 Ne8 12.Nh4 Bf6 13.Ng2 Bg5 14.Ne3 Ng7 15.Bd3 Bxe3
16.Bxe3 f5 17.exf5 Nxf5 18.Bxf5 Rxf5 19.Ne4 Qf8 20.Rf1 Nf6 21.f3  1/2-1/2

[Event "Manhattan Open"]
[Site "New York USA"]
[Date "2011.08.18"]
[Round "2"]
[White "Gustafsson,J"]
[Black "Korley,K"]
[Result "1/2-1/2"]
[WhiteElo "2634"]
[BlackElo "2326"]

1.Nf3 Nf6 2.c4 g6 3.Nc3 Bg7 4.e4 d6 5.d4 O-O 6.Be2 e5 7.Be3 exd4 8.Nxd4 Re8
9.f3 c6 10.O-O d5 11.cxd5 cxd5 12.Qb3 Nc6 13.Rad1 Na5 14.Qc2 dxe4 15.Ne6 Bxe6
16.Rxd8 Raxd8 17.fxe4 Nc6 18.Bg5 Nd4 19.Qa4 Nxe2+ 20.Nxe2 b5 21.Qa5 Bc4 22.Bxf6 Bxf6
23.Rxf6 Bxe2 24.Kf2 Bc4 25.b3 Be6 26.Qxb5 Rd2+ 27.Kg3 Rc8 28.Rf2 Rc3+ 29.Rf3 Rcc2
30.Qb8+ Kg7 31.Kf4 Rxg2 32.Qxa7 Rxa2 33.Qc7 Rxh2 34.Qe5+ Kg8 35.Qb8+ Kg7
36.Qe5+ Kg8 37.Qb8+ Kg7 38.Qe5+  1/2-1/2

[Event "Recklinghaeuser Open"]
[Site "Recklinghausen GER"]
[Date "2011.08.18"]
[Round "4"]
[White "Schorra,H"]
[Black "Richters,M"]
[Result "1-0"]
[WhiteElo "2110"]
[BlackElo "1969"]

1.d4 Nf6 2.c4 d6 3.Nc3 g6 4.e4 Bg7 5.Nf3 O-O 6.Be2 Nbd7 7.O-O e5 8.Be3 Qe7
9.d5 a5 10.a3 Nc5 11.Nd2 Bd7 12.b4 axb4 13.axb4 Rxa1 14.Qxa1 Na6 15.Qa3 Ng4
16.Bxg4 Bxg4 17.c5 Nb8 18.Qa7 dxc5 19.bxc5 Bf6 20.Qxb7 Bg5 21.d6 cxd6 22.Qxe7 Bxe7
23.Nd5 Bd8 24.cxd6 Nc6 25.Nb3 Be6 26.Rd1 f5 27.Nc5 Bxd5 28.Rxd5 f4 29.Bc1 Kf7
30.Bb2 Nb4 31.Rd1 Nc6 32.Kf1 Bg5 33.Nd7 Re8 34.Rd5 Ke6 35.Nxe5  1-0

[Event "26th Universiade Women"]
[Site "Shenzhen CHN"]
[Date "2011.08.18"]
[Round "6"]
[White "Guramishvili,S"]
[Black "Yanjindulam,D"]
[Result "1-0"]
[WhiteElo "2329"]
[BlackElo "2218"]

1.d4 Nf6 2.c4 g6 3.Nc3 Bg7 4.e4 d6 5.Be2 O-O 6.Be3 e5 7.Nf3 Na6 8.O-O Ng4
9.Bg5 Qe8 10.h3 h6 11.Bc1 Nf6 12.dxe5 dxe5 13.Be3 c6 14.c5 Nb8 15.Nd2 Be6
16.Nc4 Bxc4 17.Bxc4 Nbd7 18.b4 Kh8 19.Qc2 Nh5 20.Rad1 Ndf6 21.b5 Nf4 22.bxc6 bxc6
23.Rd6 N6h5 24.Kh2 f5 25.g3 Nxh3 26.Kxh3 f4 27.Bc1 g5 28.g4 f3 29.Kh2 Rf6
30.Qd1 Qc8 31.Rg1 Nf4 32.Rxf6 Bxf6 33.Qxf3 Qf8 34.Ba3 Rd8 35.Rd1 Rd4 36.Rxd4 exd4
37.Ne2 Ng6 38.Kg1 Ne5 39.Qb3 Nxg4 40.Be6 Ne5 41.Nxd4 Qd8 42.Nf5 g4 43.Nd6 Nf3+
44.Qxf3  1-0

[Event "26th Universiade Men"]
[Site "Shenzhen CHN"]
[Date "2011.08.19"]
[Round "7"]
[White "Surya,W"]
[Black "Gundavaa,B"]
[Result "0-1"]
[WhiteElo "2222"]
[BlackElo "2480"]

1.d4 Nf6 2.Nf3 g6 3.c4 Bg7 4.Nc3 O-O 5.e4 d6 6.Be2 e5 7.dxe5 dxe5 8.Qxd8 Rxd8
9.Bg5 c6 10.Nxe5 Re8 11.Rd1 Na6 12.Nf3 Nc5 13.Nd2 Ng4 14.f3 h6 15.fxg4 hxg5
16.O-O a5 17.h3 a4 18.Rf3 Ne6 19.Rdf1 Rd8 20.Ndb1 Nf4 21.Bd1 Be6 22.Bxa4 Bxc4
23.Rd1 Ne2+ 24.Kf2 Nd4 25.Re3 b5 26.Nd2 Be6 27.Bb3 Nxb3  0-1

[Event "5th Zupanja Open"]
[Site "Zupanja CRO"]
[Date "2011.08.19"]
[Round "5"]
[White "Dizdarevic,E"]
[Black "Runic,Z"]
[Result "1/2-1/2"]
[WhiteElo "2481"]
[BlackElo "2388"]

1.Nf3 Nf6 2.d4 d6 3.c4 g6 4.Nc3 Bg7 5.e4 O-O 6.Be2 e5 7.dxe5 dxe5 8.Qxd8 Rxd8
9.Be3 c6 10.h3 Re8 11.O-O-O Nbd7 12.Nd2  1/2-1/2

[Event "86th ch-FRA"]
[Site "Caen FRA"]
[Date "2011.08.20"]
[Round "7"]
[White "Shchekachev,A"]
[Black "Hamdouchi,H"]
[Result "1-0"]
[WhiteElo "2537"]
[BlackElo "2628"]

1.Nf3 Nf6 2.c4 g6 3.Nc3 Bg7 4.e4 d6 5.d4 O-O 6.Be2 e5 7.O-O Nbd7 8.Be3 Ng4
9.Bg5 f6 10.Bc1 Nh6 11.Qc2 Nf7 12.Rd1 c6 13.b4 Qe7 14.Rb1 f5 15.exf5 gxf5
16.Qxf5 Nf6 17.Qc2 e4 18.Ng5 Bf5 19.Nxf7 Qxf7 20.Bf4 Qg6 21.Qd2 Ng4 22.Rb3 Rae8
23.Rf1 h5 24.Nd1 Bc8 25.h3 Rf5 26.Rg3 Rxf4 27.Qxf4 Bh6 28.Bxg4 hxg4 29.Rxg4 Bxg4
30.Qxg4 Qxg4 31.hxg4 e3 32.Nxe3 Re4 33.Nf5 Bd2 34.a3 Rxg4 35.Rd1 Bf4 36.d5 Rg5
37.Nd4 cxd5 38.Ne6 Rf5 39.Nxf4 Rxf4 40.Rxd5 Rxc4 41.Rxd6  1-0

[Event "Malaysian Open"]
[Site "Kuala Lumpur MAS"]
[Date "2011.08.20"]
[Round "5.37"]
[White "Yong,Han Shawn"]
[Black "Milligan,H"]
[Result "1-0"]
[WhiteElo "1824"]
[BlackElo "1965"]

1.Nf3 Nf6 2.d4 g6 3.c4 Bg7 4.Nc3 d6 5.e4 Nbd7 6.Be2 O-O 7.O-O e5 8.Be3 Re8
9.d5 Nc5 10.Nd2 a5 11.a3 Bd7 12.b4 axb4 13.axb4 Rxa1 14.Qxa1 Na6 15.Qa5 Ng4
16.Bxg4 Bxg4 17.c5 dxc5 18.bxc5 Bc8 19.Nc4 Bf8 20.Rd1 f6 21.f3 Qd7 22.d6 Qe6
23.Nd5 cxd6 24.cxd6 Bxd6 25.Nxf6+ Qxf6 26.Nxd6 Rd8 27.Qd5+ Qe6 28.Bg5 Qxd5
29.Rxd5 Rf8 30.Be7 Bd7 31.Bxf8 Kxf8 32.Rxe5 Bc6 33.Kf2 Nc7 34.Ke3 Ne8 35.Nxe8 Bxe8
36.Kd4 Bc6 37.Re6 Kf7 38.Rxc6  1-0

[Event "26th Schwarzacher Open"]
[Site "Schwarzach AUT"]
[Date "2011.08.20"]
[Round "1"]
[White "Kovacevic,Bl"]
[Black "Egle,M"]
[Result "1/2-1/2"]
[WhiteElo "2480"]
[BlackElo "2095"]

1.Nf3 Nf6 2.c4 g6 3.Nc3 Bg7 4.e4 d6 5.d4 O-O 6.Be2 e5 7.O-O Qe8 8.dxe5 dxe5
9.Be3 Na6 10.Nd2 c6 11.a3 Qe7 12.b4 Rd8 13.Qc2 Ng4 14.Bxg4 Bxg4 15.Nb3 Nc7
16.f3 Bc8 17.Rad1 Ne6 18.Rxd8+ Qxd8 19.Rd1 Qe7 20.Qd2 h5 21.Ne2 Kh7 22.Na5 Qc7
23.c5 b6 24.cxb6 axb6 25.Nc4 c5 26.bxc5 bxc5 27.Nc3 Nd4 28.Nd5 Qc6 29.Ne7 Qe6
30.Nxc8 Rxc8 31.Qa2 Rb8 32.Rc1 Bh6 33.Bxh6 Kxh6 34.h3 Kg7  1/2-1/2